000 00831nam a22002417a 4500
005 20170919111523.0
008 170919s2010 ck ||||| |||| 00| 0 spa d
020 _a9789589386606
040 _aCO-BoIAVH
_cCO-BoIAVH
041 _aspa
044 _ack
082 _a636.2
_bZ35r
100 _aZapata Cadavid, Alvaro
245 1 4 _aReconversión ganadera y sistemas silvopastoriles:
_ben el Departamento de Risaralda y el Eje Cafetero
260 _aBogotá:
_bCipav,
_c2010.
300 _a111 páginas
_bfotografías a color,
_c21 x 16 cm
650 1 4 _aRecurso naturales
_vConservación
_zColombia
650 1 4 _aGanaderia
_vBiodiversidad
650 1 4 _aSuelos
_vUso sostenible
650 1 4 _aBiodiversidad
_vProtección
700 _aSilva Tapasco, Beatriz Helena
942 _2ddc
_cLIBRO
999 _c19840
_d19840